00592nam a2200181Ia 4500008004000000020001600040082001600056100001900072245003900091250000500130260004200135300000800177650002300185690001700208906001100225999001900236952015500255210210b2004 xxu||||| |||| 00| 0 eng d a019566924 X a530.03 ISAO aISAACS (Alan). aOxford dictionary of Physics. Ed.4 a aOxfordbOxford University Pressc2004 a542 aDictionary physics aDictionaries a059336 c106714d106714 001040738PhysicsaALbALcPhysicsd2021-02-17eSchool Book Company, Mangalore.g245.00l0o530.03 ISAOp059336r2021-02-17 00:00:00w2021-02-17yBK